[Event "Perla Baltyku op-B 3rd"]
[Site "Mielno"]
[Date "2007.06.21"]
[Round "5"]
[White "Kukiela, Lech"]
[Black "Lewandowski, Marek"]
[Result "0-1"]
[WhiteElo "1842"]
[BlackElo "1914"]
[PlyCount "60"]
[EventDate "2007.06.18"]
[EventType "swiss"]
[EventRounds "9"]
[EventCountry "POL"]
[SourceTitle "EXT 2008"]
[Source "ChessBase"]
[SourceDate "2007.11.25"]
[SourceVersion "1"]
[SourceVersionDate "2007.11.25"]
[SourceQuality "1"]

1. c4 e5 2. Nc3 f5 3. g3 Nf6 4. Bg2 Bb4 5. Qb3 Bxc3 6. Bxb7 Bxb7 7. Qxb7 Bxd2+ 8. Bxd2 Nc6 9. Bc3 Rb8 10. Qa6 Ne4 11. Qa3 Qe7 12. Qxe7+ Kxe7 13. Nf3 Nxc3 14. bxc3 Rb2 15. 0-0 Rxe2 16. Rfe1 Rxe1+ 17. Rxe1 d6 18. Nd2 Rb8 19. Nb3 a5 20. Nd4 Nxd4 21. cxd4 Ke6 22. Re2 Rb4 23. d5+ Kd7 24. Rc2 a4 25. Rc3 c5 26. Kg2 Ke7 27. h3 Kf6 28. h4 e4 29. Rc2 Ke5 30. f3 a3 0-1